[Event "WSTT O65"]
[Site "Hersonissos"]
[Date "2017.04.24"]
[Round "1.1"]
[White "Renman, Nils-Gustaf"]
[Black "Jones, Iolo C"]
[Result "1/2-1/2"]
[WhiteElo "2361"]
[BlackElo "2195"]
[PlyCount "97"]
[EventDate "2017.??.??"]
[EventType "team-"]
[EventCountry "GRE"]
[SourceDate "2017.04.24"]
[WhiteTeam "Sweden 1"]
[BlackTeam "Wales"]

1. d4 Nf6 2. Nf3 e6 3. c4 Bb4+ 4. Bd2 Qe7 5. g3 O-O 6. Bg2 Bxd2+ 7. Qxd2 d6 8.
Nc3 e5 9. O-O Nbd7 10. e4 Re8 11. Rfe1 c6 12. h3 Nf8 13. Rad1 Ng6 14. b4 Qc7
15. Bf1 Bd7 16. Qb2 Rad8 17. d5 cxd5 18. cxd5 a6 19. Rc1 Qb6 20. Nd2 Qd4 21.
Nc4 Bc8 22. Red1 Qa7 23. b5 Re7 24. b6 Qb8 25. Qb4 Ne8 26. Na5 Bd7 27. Nb1 Rc8
28. Nd2 Rxc1 29. Rxc1 Nf8 30. Kh2 f6 31. Nc6 bxc6 32. dxc6 Bc8 33. Bc4+ Kh8 34.
Bd5 Ne6 35. b7 N6c7 36. bxc8=Q Qxb4 37. Rc2 Nxd5 38. exd5 Qd4 39. Qd8 Qxf2+ 40.
Kh1 Qe1+ 41. Kg2 Qe2+ 42. Kg1 Qe3+ 43. Kf1 Qd3+ 44. Ke1 Qxg3+ 45. Kd1 Qg1+ 46.
Ke2 Qg2+ 47. Kd1 Qg1+ 48. Ke2 Qg2+ 49. Kd1 1/2-1/2

[Event "WSTT O65"]
[Site "Hersonissos"]
[Date "2017.04.25"]
[Round "2.1"]
[White "Jones, Iolo C"]
[Black "Carlsten, Peter"]
[Result "1-0"]
[WhiteElo "2195"]
[BlackElo "1942"]
[PlyCount "75"]
[EventDate "2017.??.??"]
[EventType "team-"]
[EventCountry "GRE"]
[SourceDate "2017.04.24"]
[WhiteTeam "Wales"]
[BlackTeam "Sweden 4"]

1. d4 f5 2. Nc3 Nf6 3. Bg5 d5 4. Bxf6 exf6 5. e3 c6 6. Bd3 Qa5 7. Nge2 Bd6 8.
g3 Qc7 9. Nf4 Qf7 10. Qf3 b5 11. Ng2 g6 12. h4 Na6 13. a3 Nc7 14. h5 Rg8 15.
hxg6 hxg6 16. a4 b4 17. Ne2 Ne6 18. Nc1 Ng5 19. Qe2 Ne4 20. Nb3 Bd7 21. O-O-O
Rc8 22. Kb1 c5 23. dxc5 Nxc5 24. Nxc5 Rxc5 25. b3 Be5 26. Nh4 Ra5 27. Nf3 Bc3
28. Nd4 Kf8 29. Nb5 Qe8 30. Rh7 a6 31. Nxc3 bxc3 32. Bc4 Bc6 33. Qd3 Rg7 34.
Rh8+ Rg8 35. Rxg8+ Kxg8 36. Qxc3 Rc5 37. Qxf6 Bb7 38. Rh1 1-0

[Event "WSTT O65"]
[Site "Hersonissos"]
[Date "2017.04.25"]
[Round "2.2"]
[White "Lundgren, Ulf"]
[Black "Thornton, John D"]
[Result "1/2-1/2"]
[WhiteElo "1936"]
[BlackElo "2059"]
[PlyCount "44"]
[EventDate "2017.??.??"]
[EventType "team-"]
[EventCountry "GRE"]
[SourceDate "2017.04.24"]
[WhiteTeam "Sweden 4"]
[BlackTeam "Wales"]

1. d4 Nf6 2. c4 e5 3. dxe5 Ng4 4. Bf4 g5 5. Bg3 Nc6 6. Nf3 Bg7 7. Nc3 Ngxe5 8.
Nxe5 Nxe5 9. e3 d6 10. Be2 Be6 11. Qa4+ Nd7 12. h4 Bxc3+ 13. bxc3 Qf6 14. Rc1
g4 15. c5 dxc5 16. Bxg4 Bxg4 17. Qxg4 O-O-O 18. Qf4 Qxf4 19. Bxf4 Rhg8 20. g3
c4 21. Ke2 Nc5 22. Rc2 f6 1/2-1/2

[Event "WSTT O65"]
[Site "Hersonissos"]
[Date "2017.04.25"]
[Round "2.3"]
[White "Waterfield, John W"]
[Black "Sterner, Johan"]
[Result "1-0"]
[WhiteElo "1948"]
[BlackElo "1916"]
[PlyCount "37"]
[EventDate "2017.??.??"]
[EventType "team-"]
[EventCountry "GRE"]
[SourceDate "2017.04.24"]
[WhiteTeam "Wales"]
[BlackTeam "Sweden 4"]

1. e4 e5 2. f4 exf4 3. Nf3 g5 4. Nc3 Bg7 5. d4 d6 6. g3 g4 7. Nh4 f3 8. Be3 Bf6
9. Qd2 Bxh4 10. gxh4 Qxh4+ 11. Bf2 Qd8 12. O-O-O Ne7 13. Bh4 Qd7 14. Nd5 Nxd5
15. exd5 O-O 16. Qg5+ Kh8 17. Qf6+ Kg8 18. Bd3 h6 19. h3 1-0

[Event "WSTT O65"]
[Site "Hersonissos"]
[Date "2017.04.25"]
[Round "2.4"]
[White "Andersson, Sven-Olof"]
[Black "Bevan, Peter M"]
[Result "1/2-1/2"]
[WhiteElo "1915"]
[BlackElo "1933"]
[PlyCount "37"]
[EventDate "2017.??.??"]
[EventType "team-"]
[EventCountry "GRE"]
[SourceDate "2017.04.24"]
[WhiteTeam "Sweden 4"]
[BlackTeam "Wales"]

1. d4 d5 2. Nf3 c6 3. Bf4 Nf6 4. h3 e6 5. e3 Bd6 6. Ne5 O-O 7. Bd3 c5 8. c3 Nc6
9. Nd2 Qc7 10. Ndf3 Ne4 11. Nxc6 Bxf4 12. Nce5 Bxe5 13. dxe5 f6 14. exf6 Nxf6
15. Qe2 e5 16. e4 c4 17. Bc2 dxe4 18. Ng5 b5 19. Nxe4 1/2-1/2

[Event "WSTT O65"]
[Site "Hersonissos"]
[Date "2017.04.28"]
[Round "5.1"]
[White "Dickhoff, Ronald"]
[Black "Jones, Iolo C"]
[Result "1/2-1/2"]
[WhiteElo "2100"]
[BlackElo "2195"]
[PlyCount "54"]
[EventDate "2017.??.??"]
[EventType "team-"]
[EventCountry "GRE"]
[SourceDate "2017.04.24"]
[WhiteTeam "Koninklijke DD"]
[BlackTeam "Wales"]

1. d4 Nf6 2. c4 e6 3. Nf3 Bb4+ 4. Bd2 Qe7 5. Nc3 b6 6. g3 Bb7 7. Bg2 O-O 8. O-O
d6 9. a3 Bxc3 10. Bxc3 Ne4 11. Qc2 c5 12. Rfd1 Nxc3 13. Qxc3 Nc6 14. d5 exd5
15. cxd5 Nb8 16. Rd2 Nd7 17. Re1 f5 18. Bh3 Rad8 19. e4 fxe4 20. Be6+ Kh8 21.
Rxe4 Qf6 22. Qxf6 Nxf6 23. Re3 Rde8 24. Ng5 Re7 25. h4 h6 26. Nh3 Nh5 27. Rde2
g6 1/2-1/2

[Event "WSTT O65"]
[Site "Hersonissos"]
[Date "2017.04.28"]
[Round "5.2"]
[White "Waterfield, John W"]
[Black "Van Caspel, Ruud"]
[Result "1/2-1/2"]
[WhiteElo "1948"]
[BlackElo "2101"]
[PlyCount "32"]
[EventDate "2017.??.??"]
[EventType "team-"]
[EventCountry "GRE"]
[SourceDate "2017.04.24"]
[WhiteTeam "Wales"]
[BlackTeam "Koninklijke DD"]

1. e4 d5 2. exd5 Qxd5 3. Nc3 Qa5 4. d4 c6 5. Bd2 Qc7 6. Bc4 Nf6 7. Qe2 Bf5 8.
Bb3 e6 9. Nf3 Be7 10. Ne5 h5 11. f3 O-O 12. g4 hxg4 13. fxg4 Bh7 14. O-O-O Nd5
15. h4 Nd7 16. g5 Nxe5 1/2-1/2

[Event "WSTT O65"]
[Site "Hersonissos"]
[Date "2017.04.28"]
[Round "5.3"]
[White "Lindner, Jan-Joost"]
[Black "Van Kemenade, Rudy"]
[Result "0-1"]
[WhiteElo "2106"]
[BlackElo "1914"]
[PlyCount "80"]
[EventDate "2017.??.??"]
[EventType "team-"]
[EventCountry "GRE"]
[SourceDate "2017.04.24"]
[WhiteTeam "Koninklijke DD"]
[BlackTeam "Wales"]

1. f4 d5 2. Nf3 g6 3. e3 Bg7 4. Be2 Nf6 5. O-O O-O 6. d3 c5 7. Qe1 Nc6 8. Nc3
d4 9. Ne4 Nxe4 10. dxe4 dxe3 11. c3 e5 12. Bxe3 b6 13. Qg3 Qe7 14. f5 gxf5 15.
Bh6 Qf6 16. Bg5 f4 17. Bxf6 fxg3 18. Bh4 gxh2+ 19. Nxh2 Be6 20. Nf3 f6 21. Be1
Bh6 22. Nh4 Ne7 23. a4 a5 24. b4 cxb4 25. cxb4 Be3+ 26. Kh1 Bd4 27. Rb1 f5 28.
bxa5 bxa5 29. Rb7 Bc5 30. Bc3 fxe4 31. Rd1 Nc6 32. Bb5 Nd4 33. Bd7 Bd5 34. Rb2
Rf4 35. Be1 Ra7 36. Bb5 Rg7 37. Kh2 Bb4 38. Bg3 Rfg4 39. Bxe5 Rxh4+ 40. Kg1
Nf3+ 0-1

[Event "WSTT O65"]
[Site "Hersonissos"]
[Date "2017.04.28"]
[Round "5.4"]
[White "Bevan, Peter M"]
[Black "Olof, Erik"]
[Result "0-1"]
[WhiteElo "1933"]
[BlackElo "2006"]
[PlyCount "100"]
[EventDate "2017.??.??"]
[EventType "team-"]
[EventCountry "GRE"]
[SourceDate "2017.04.24"]
[WhiteTeam "Wales"]
[BlackTeam "Koninklijke DD"]

1. c4 Nf6 2. g3 c5 3. Nc3 d5 4. cxd5 Nxd5 5. Bg2 Nc7 6. Nf3 Nc6 7. d3 e5 8. O-O
Be7 9. Be3 O-O 10. Rc1 Rb8 11. Nd2 Nd4 12. Nc4 f6 13. f4 b5 14. Na5 Nce6 15.
Nc6 Nxc6 16. Bxc6 Nd4 17. Bg2 Bb7 18. Bxb7 Rxb7 19. fxe5 fxe5 20. Qd2 Nf5 21.
Ne4 c4 22. dxc4 Qxd2 23. Bxd2 bxc4 24. Bc3 Nd6 25. Rxf8+ Bxf8 26. Nc5 Rb5 27.
Nd7 Nf7 28. Nxf8 Kxf8 29. a3 a5 30. Rd1 Ke7 31. Kf2 Ke6 32. e4 Nd6 33. Ke3 Nb7
34. Rf1 Nc5 35. Rf8 Na4 36. Rc8 Nxb2 37. Bxb2 Rxb2 38. Rxc4 Rb3+ 39. Kf2 Rxa3
40. Rc7 Kf6 41. h4 a4 42. Rc6+ Kf7 43. Rc7+ Kg6 44. g4 h5 45. Rc6+ Kf7 46. Rc7+
Kg6 47. Rc6+ Kh7 48. gxh5 Rh3 49. Re6 a3 50. Rxe5 Rh1 0-1

[Event "WSTT O65"]
[Site "Hersonissos"]
[Date "2017.04.29"]
[Round "6.1"]
[White "Jones, Iolo C"]
[Black "Wood, Peter R"]
[Result "1-0"]
[WhiteElo "2195"]
[BlackElo "1879"]
[PlyCount "125"]
[EventDate "2017.??.??"]
[EventType "team-"]
[EventCountry "GRE"]
[SourceDate "2017.04.24"]
[WhiteTeam "Wales"]
[BlackTeam "England 3"]

1. Nf3 Nf6 2. d4 e6 3. c4 c5 4. Nc3 cxd4 5. Nxd4 a6 6. e3 d6 7. Be2 Qc7 8. O-O
Be7 9. Bd2 Nbd7 10. Rc1 b6 11. Bf3 Bb7 12. b3 O-O 13. Qe2 Rac8 14. Rfe1 Rfe8
15. Bxb7 Qxb7 16. e4 Bf8 17. Qf3 Ne5 18. Qg3 Nc6 19. Be3 Nxd4 20. Bxd4 e5 21.
Be3 b5 22. Bg5 Nd7 23. cxb5 axb5 24. Qd3 b4 25. Nd5 Nc5 26. Qb1 f5 27. f3 Na6
28. Be3 Qb5 29. Bf2 f4 30. Rc2 Rxc2 31. Qxc2 Rb8 32. Rd1 h6 33. h3 Kh7 34. Be1
Qc5+ 35. Qf2 Kg8 36. Kf1 Qxf2+ 37. Kxf2 Rc8 38. Nxb4 Nxb4 39. Bxb4 d5 40. Bxf8
dxe4 41. fxe4 Rc2+ 42. Kf3 Kxf8 43. Rd5 Rxa2 44. Rxe5 Rb2 45. Rb5 g5 46. Rb6
Kg7 47. e5 Kf7 48. h4 Ke7 49. hxg5 hxg5 50. b4 Rb3+ 51. Ke4 Re3+ 52. Kf5 f3 53.
Rb7+ Ke8 54. gxf3 Rxf3+ 55. Kxg5 Rf1 56. b5 Kd8 57. b6 Kc8 58. Rc7+ Kb8 59. e6
Rg1+ 60. Kf6 Rf1+ 61. Kg7 Re1 62. e7 Re2 63. Rd7 1-0

[Event "WSTT O65"]
[Site "Hersonissos"]
[Date "2017.04.29"]
[Round "6.2"]
[White "Fenwick, Hugh F"]
[Black "Thornton, John D"]
[Result "0-1"]
[WhiteElo "1874"]
[BlackElo "2059"]
[PlyCount "76"]
[EventDate "2017.??.??"]
[EventType "team-"]
[EventCountry "GRE"]
[SourceDate "2017.04.24"]
[WhiteTeam "England 3"]
[BlackTeam "Wales"]

1. c4 e5 2. g3 f5 3. Bg2 Nf6 4. Nc3 Be7 5. d3 O-O 6. Nf3 d6 7. O-O c6 8. h3 Qe8
9. e3 Kh8 10. Bd2 Na6 11. d4 e4 12. Ne1 Be6 13. Qe2 Bf7 14. f3 Bg6 15. Qd1 Nc7
16. Rc1 d5 17. c5 Bh5 18. Ne2 exf3 19. Nxf3 Ne4 20. Be1 Bf6 21. Qd3 Qd7 22. Nf4
Bxf3 23. Rxf3 g6 24. Rf1 Rae8 25. Bf2 Qf7 26. Qb3 Ne6 27. Rcd1 g5 28. Bxe4 fxe4
29. Ne2 g4 30. h4 Qc7 31. Kg2 Bg7 32. Ng1 Bh6 33. Qc2 Ng7 34. Rde1 Nf5 35. Qd1
Rg8 36. Qb3 Nxh4+ 37. gxh4 g3 38. Kh3 gxf2 0-1

[Event "WSTT O65"]
[Site "Hersonissos"]
[Date "2017.04.29"]
[Round "6.4"]
[White "Scowen, Roger S"]
[Black "Bevan, Peter M"]
[Result "0-1"]
[WhiteElo "1933"]
[BlackElo "1862"]
[PlyCount "80"]
[EventDate "2017.??.??"]
[EventType "team-"]
[EventCountry "GRE"]
[SourceDate "2017.04.24"]
[WhiteTeam "England 3"]
[BlackTeam "Wales"]

1. e4 d5 2. e5 Bf5 3. d4 e6 4. Nd2 c5 5. c3 Nc6 6. Bb5 Qb6 7. Qa4 cxd4 8. cxd4
Rc8 9. Nb3 a6 10. Bxc6+ Qxc6 11. Qxc6+ Rxc6 12. Bd2 b6 13. Rc1 Ne7 14. Ne2 Bd3
15. Bb4 Rc4 16. Bc3 Rc8 17. Kd2 Bc4 18. Bb4 a5 19. Bd6 Nc6 20. Bxf8 Rxf8 21.
Rc3 Bxe2 22. Kxe2 a4 23. Nd2 Nxd4+ 24. Kd3 Rxc3+ 25. Kxc3 Nc6 26. f4 f6 27. Nf3
fxe5 28. fxe5 Kd7 29. Rd1 Rf5 30. Re1 g5 31. h3 h5 32. Nd4 Rxe5 33. Rxe5 Nxe5
34. Kb4 Nd3+ 35. Kxa4 Nxb2+ 36. Kb5 Nc4 37. Nf3 g4 38. hxg4 hxg4 39. Nh2 Ne3
40. Kxb6 d4 0-1

[Event "WSTT O65"]
[Site "Hersonissos"]
[Date "2017.04.30"]
[Round "7.2"]
[White "Waterfield, John W"]
[Black "Hohler, Peter"]
[Result "0-1"]
[WhiteElo "1948"]
[BlackElo "2076"]
[PlyCount "130"]
[EventDate "2017.??.??"]
[EventType "team-"]
[EventCountry "GRE"]
[SourceDate "2017.04.24"]
[WhiteTeam "Wales"]
[BlackTeam "Switzerland"]

1. e4 e5 2. f4 exf4 3. Nf3 Nf6 4. e5 Ne4 5. d3 Ng5 6. g3 Nxf3+ 7. Qxf3 fxg3 8.
Nc3 d6 9. d4 dxe5 10. Bc4 Qd7 11. Be3 Bb4 12. O-O-O Bxc3 13. bxc3 O-O 14. dxe5
Qf5 15. Qxg3 Qg4 16. Qxg4 Bxg4 17. Rdf1 Be6 18. Bxe6 fxe6 19. Rxf8+ Kxf8 20.
Bc5+ Ke8 21. Rg1 g6 22. Be3 Nc6 23. Bf4 Rd8 24. h4 Rd5 25. Rg5 Kf7 26. h5 Ne7
27. Be3 Nf5 28. hxg6+ hxg6 29. Bf4 a5 30. Rg1 b5 31. Rd1 Rxd1+ 32. Kxd1 Ke7 33.
c4 b4 34. Ke2 Kd7 35. Kd3 Kc6 36. Bg5 Kc5 37. Bf4 Kb6 38. Bg5 Kc6 39. Bf4 Kb6
40. Bg5 Kc5 41. Bf4 Kc6 42. Bg5 Kd7 43. Bf4 c5 44. Bg5 Nd4 45. Be3 Kc6 46. Bf4
Nf3 47. Ke2 Nd4+ 48. Kd3 Kd7 49. Bg5 Nf3 50. Bf4 g5 51. Ke4 Nd4 52. Bxg5 Nxc2
53. Kd3 Nd4 54. Be3 Kc6 55. Bg5 a4 56. Bc1 a3 57. Ke4 b3 58. Bxa3 bxa2 59. Bb2
Nb3 60. Kd3 a1=Q 61. Bxa1 Nxa1 62. Kc3 Kb6 63. Kb2 Ka5 64. Kxa1 Kb4 65. Kb2
Kxc4 0-1

[Event "WSTT O65"]
[Site "Hersonissos"]
[Date "2017.05.01"]
[Round "8.1"]
[White "Jones, Iolo C"]
[Black "Just, Joachim"]
[Result "1-0"]
[WhiteElo "2195"]
[BlackElo "1940"]
[PlyCount "139"]
[EventDate "2017.??.??"]
[EventType "team-"]
[EventCountry "GRE"]
[SourceDate "2017.04.24"]
[WhiteTeam "Wales"]
[BlackTeam "Stiftung BSW/DBAG"]

1. Nf3 Nf6 2. d4 e6 3. c4 d5 4. Nc3 c6 5. e3 a6 6. Bd3 dxc4 7. Bxc4 c5 8. a4
Nc6 9. O-O Be7 10. dxc5 Qxd1 11. Rxd1 Bxc5 12. Ng5 O-O 13. Nge4 Be7 14. Nxf6+
gxf6 15. e4 Rd8 16. Be3 Rxd1+ 17. Rxd1 Kf8 18. Be2 Ne5 19. Kf1 Ke8 20. f4 Nd7
21. Bf3 Rb8 22. Ba7 Ra8 23. Bf2 Rb8 24. Bg3 Ra8 25. Ke2 b5 26. axb5 axb5 27.
Kf1 b4 28. Nb5 Ra2 29. Rd2 Ra1+ 30. Be1 Rc1 31. Nd6+ Bxd6 32. Rxd6 Ke7 33. Rd4
Ba6+ 34. Kf2 Rc2+ 35. Rd2 b3 36. Bd1 Nc5 37. Bxc2 bxc2 38. Rxc2 Nd3+ 39. Kf1
Nb4+ 40. Re2 Nd3 41. Kg1 Nxf4 42. Bb4+ Kd7 43. Rd2+ Nd3 44. Bc3 e5 45. g3 Ke6
46. b4 Bc4 47. g4 Kd6 48. Kg2 Kc6 49. Rd1 Nf4+ 50. Kf3 Kb5 51. Rd6 Be6 52. Bd2
Ng6 53. h3 Ne7 54. Rd8 Kc4 55. Ke2 Nc6 56. Rd6 Nd4+ 57. Ke3 Nc2+ 58. Kf2 Nd4
59. Be3 Nb5 60. Rc6+ Kxb4 61. Bc5+ Kb3 62. Be7 Nc3 63. Ke3 Nd1+ 64. Ke2 Nc3+
65. Kd3 Nd1 66. Rb6+ Ka4 67. Bc5 h5 68. gxh5 f5 69. Kd2 fxe4 70. Rxe6 1-0

[Event "WSTT O65"]
[Site "Hersonissos"]
[Date "2017.05.01"]
[Round "8.2"]
[White "Hollstein, Joachim"]
[Black "Thornton, John D"]
[Result "0-1"]
[WhiteElo "2082"]
[BlackElo "2059"]
[PlyCount "44"]
[EventDate "2017.??.??"]
[EventType "team-"]
[EventCountry "GRE"]
[SourceDate "2017.04.24"]
[WhiteTeam "Stiftung BSW/DBAG"]
[BlackTeam "Wales"]

1. d4 Nf6 2. Nf3 c5 3. e3 g6 4. Bd3 Bg7 5. c3 Qc7 6. e4 d6 7. Bf4 Nh5 8. Be3
Nd7 9. Qd2 e5 10. Na3 a6 11. Bh6 O-O 12. Bxg7 Kxg7 13. g3 b5 14. Be2 exd4 15.
cxd4 Nhf6 16. Qe3 Re8 17. Nd2 Nxe4 18. Nxe4 Nf6 19. f3 d5 20. dxc5 dxe4 21. O-O
Bh3 22. Rfc1 exf3 0-1

[Event "WSTT O65"]
[Site "Hersonissos"]
[Date "2017.05.01"]
[Round "8.3"]
[White "Van Kemenade, Rudy"]
[Black "Baumbach, Friedrich"]
[Result "0-1"]
[WhiteElo "1914"]
[BlackElo "2196"]
[PlyCount "76"]
[EventDate "2017.??.??"]
[EventType "team-"]
[EventCountry "GRE"]
[SourceDate "2017.04.24"]
[WhiteTeam "Wales"]
[BlackTeam "Stiftung BSW/DBAG"]

1. f4 d5 2. Nf3 Nf6 3. g3 Bf5 4. d3 h6 5. Bg2 e6 6. O-O Bd6 7. Nc3 O-O 8. Qe1
Bh7 9. e4 dxe4 10. Nxe4 Nbd7 11. c3 Qe7 12. Nxd6 Qxd6 13. d4 Bd3 14. Ne5 Bxf1
15. Qxf1 Rad8 16. Be3 Nd5 17. Bf2 Nxe5 18. fxe5 Qe7 19. Qe2 c6 20. Re1 b5 21.
Be4 f5 22. exf6 Rxf6 23. Rf1 Rdf8 24. Bg2 Qd6 25. Be1 Rxf1+ 26. Bxf1 Re8 27.
Bd2 e5 28. dxe5 Qxe5 29. Qxe5 Rxe5 30. Kf2 Rh5 31. h3 Nf6 32. Be3 Rf5+ 33. Kg2
a6 34. Bd3 Rd5 35. Be2 Re5 36. Kf3 Ne4 37. Bf4 Ng5+ 38. Kf2 Nxh3+ 0-1

[Event "WSTT O65"]
[Site "Hersonissos"]
[Date "2017.05.01"]
[Round "8.4"]
[White "Fernengel, Rudolf"]
[Black "Bevan, Peter M"]
[Result "0-1"]
[WhiteElo "1788"]
[BlackElo "1933"]
[PlyCount "46"]
[EventDate "2017.??.??"]
[EventType "team-"]
[EventCountry "GRE"]
[SourceDate "2017.04.24"]
[WhiteTeam "Stiftung BSW/DBAG"]
[BlackTeam "Wales"]

1. d4 d5 2. c4 c6 3. Nc3 Nf6 4. Nf3 dxc4 5. e3 b5 6. a4 Nd5 7. Ne5 e6 8. axb5
Bb4 9. Bd2 Bxc3 10. Bxc3 cxb5 11. Ba5 Qh4 12. b3 Bb7 13. bxc4 Nxe3 14. Nf3 Bxf3
15. Qxf3 Nc2+ 16. Kd1 Qxd4+ 17. Kxc2 Qxa1 18. Qxa8 Qa2+ 19. Kc1 O-O 20. Qxa7
Nc6 21. Qc5 Nxa5 22. Qb4 Nb3+ 23. Kd1 Rd8+ 0-1

[Event "WSTT O50"]
[Site "Hersonissos"]
[Date "2017.04.24"]
[Round "1.1"]
[White "Wallner, Joachim"]
[Black "Zeidler, Sven P."]
[Result "1-0"]
[WhiteElo "2313"]
[BlackElo "2186"]
[PlyCount "75"]
[EventDate "2017.??.??"]
[EventType "team-"]
[EventCountry "GRE"]
[SourceDate "2017.04.24"]
[WhiteTeam "Austria"]
[BlackTeam "Wales"]

1. b3 e5 2. Bb2 Nc6 3. e3 Nf6 4. Bb5 Bd6 5. Na3 Na5 6. Be2 a6 7. c4 O-O 8. Nc2
Re8 9. d3 Nc6 10. Nf3 Bf8 11. e4 b5 12. O-O Rb8 13. Rb1 d6 14. Ne3 Ng4 15. Nd5
Ne7 16. d4 Nxd5 17. cxd5 f5 18. dxe5 fxe4 19. Nd2 Nxe5 20. Nxe4 Bf5 21. f3 Ng6
22. Bd3 Nf4 23. Nf6+ gxf6 24. Bxf5 Qe7 25. g3 Qg7 26. Re1 Qg5 27. Qc2 Nxd5 28.
Be6+ Kg7 29. Re4 h5 30. f4 Nxf4 31. Qxc7+ Re7 32. Qxb8 Qc5+ 33. Bd4 Qc2 34.
Bxf6+ Kg6 35. Rxf4 Rxe6 36. Rbf1 Re2 37. R4f2 Rxf2 38. Qe8+ 1-0

[Event "WSTT O50"]
[Site "Hersonissos"]
[Date "2017.04.24"]
[Round "1.2"]
[White "Ralphs, Nigel"]
[Black "Denk, Adolf"]
[Result "0-1"]
[WhiteElo "2058"]
[BlackElo "2268"]
[PlyCount "38"]
[EventDate "2017.??.??"]
[EventType "team-"]
[EventCountry "GRE"]
[SourceDate "2017.04.24"]
[WhiteTeam "Wales"]
[BlackTeam "Austria"]

1. e4 c5 2. Nf3 d6 3. d4 cxd4 4. Nxd4 Nf6 5. Nc3 a6 6. f3 e6 7. Be3 Qc7 8. g4
h6 9. Qd2 Nbd7 10. O-O-O Ne5 11. Kb1 Bd7 12. h4 O-O-O 13. Rg1 g6 14. g5 hxg5
15. hxg5 Nh5 16. b3 Bg7 17. f4 Be8 18. Bh3 Nxf4 19. Nd5 Nxd5 0-1

[Event "WSTT O50"]
[Site "Hersonissos"]
[Date "2017.04.24"]
[Round "1.3"]
[White "Druckenthaner, Andreas"]
[Black "Adams, Mark"]
[Result "1-0"]
[WhiteElo "2258"]
[BlackElo "1971"]
[PlyCount "107"]
[EventDate "2017.??.??"]
[EventType "team-"]
[EventCountry "GRE"]
[SourceDate "2017.04.24"]
[WhiteTeam "Austria"]
[BlackTeam "Wales"]

1. e4 c5 2. Nf3 a6 3. Nc3 e6 4. d4 cxd4 5. Nxd4 Ne7 6. Bd3 Nec6 7. Nxc6 Nxc6 8.
O-O Qc7 9. f4 d6 10. b3 Bd7 11. Bb2 h5 12. a3 O-O-O 13. b4 Ne7 14. Ne2 f6 15.
c4 Kb8 16. Rc1 e5 17. f5 Rc8 18. Nc3 Qb6+ 19. Kh1 h4 20. Qe2 Qd8 21. Rfd1 g6
22. Qf3 Be8 23. c5 gxf5 24. cxd6 Nc6 25. Qxf5 Bh6 26. Rb1 Nd4 27. Qf2 h3 28. g4
Bd7 29. Rg1 Rxc3 30. Bxc3 Ne6 31. b5 axb5 32. Bxb5 Rh7 33. Bxd7 Rxd7 34. Rgd1
Bf4 35. Rd5 Rxd6 36. Rxd6 Qxd6 37. Qb6 Qxb6 38. Rxb6 Ng5 39. Rxf6 Nxe4 40. Rf8+
Kc7 41. Be1 b5 42. Rh8 Ng5 43. Bh4 Ne4 44. g5 Nxg5 45. Bxg5 Bxg5 46. Rxh3 Kd6
47. Kg2 Bc1 48. Rd3+ Ke6 49. Kf3 Kf5 50. Rb3 e4+ 51. Ke2 Kg4 52. Kd1 Bf4 53.
Rxb5 Bxh2 54. Ke2 1-0

[Event "WSTT O50"]
[Site "Hersonissos"]
[Date "2017.04.24"]
[Round "1.4"]
[White "Fletcher, John"]
[Black "Ernst, Michael"]
[Result "1/2-1/2"]
[WhiteElo "1947"]
[BlackElo "2141"]
[PlyCount "69"]
[EventDate "2017.??.??"]
[EventType "team-"]
[EventCountry "GRE"]
[SourceDate "2017.04.24"]
[WhiteTeam "Wales"]
[BlackTeam "Austria"]

1. d4 Nf6 2. Bg5 e6 3. e4 h6 4. Bxf6 Qxf6 5. Nc3 b6 6. e5 Qd8 7. Qg4 Bb7 8. h4
Nc6 9. O-O-O Qe7 10. f4 O-O-O 11. a3 h5 12. Qh3 f6 13. Nf3 Kb8 14. d5 exd5 15.
Nxd5 Qf7 16. Bc4 Qg6 17. exf6 gxf6 18. Kb1 Bd6 19. g3 Ne7 20. Rhe1 Qf5 21. Qxf5
Nxf5 22. Nd4 Bxd5 23. Bxd5 Nxg3 24. f5 Be5 25. Nf3 Bd6 26. Nd4 Be5 27. Nf3 Nxf5
28. Nxe5 fxe5 29. Rxe5 Nxh4 30. Bf7 d6 31. Rxh5 Rxh5 32. Bxh5 Rh8 33. Be2 Ng6
34. Rg1 Ne5 35. Ba6 1/2-1/2

[Event "WSTT O50"]
[Site "Hersonissos"]
[Date "2017.04.25"]
[Round "2.1"]
[White "Zeidler, Sven P."]
[Black "Sedgwick, David"]
[Result "1-0"]
[WhiteElo "2186"]
[BlackElo "1961"]
[PlyCount "111"]
[EventDate "2017.??.??"]
[EventType "team-"]
[EventCountry "GRE"]
[SourceDate "2017.04.24"]
[WhiteTeam "Wales"]
[BlackTeam "SCCU 125"]

1. e4 e5 2. Nf3 Nc6 3. Nc3 Nf6 4. Be2 d5 5. exd5 Nxd5 6. O-O Nxc3 7. bxc3 Bd6
8. d4 exd4 9. cxd4 O-O 10. Rb1 b6 11. c3 Bf5 12. Rb5 Bg6 13. Ng5 h6 14. Bf3 a6
15. Rb2 Qd7 16. Ne4 Ba3 17. Re2 Bxc1 18. Qxc1 Rae8 19. Rfe1 f5 20. Ng3 Na5 21.
Nh5 Rxe2 22. Rxe2 Re8 23. Qxh6 Rxe2 24. Bxe2 Qf7 25. Qg5 Bxh5 26. Qxh5 Qxa2 27.
Qe8+ Kh7 28. Qh5+ Kg8 29. g3 Qa1+ 30. Kg2 Qxc3 31. Qxf5 Qxd4 32. Qc8+ Kh7 33.
Qxc7 Qd2 34. Qe5 b5 35. Bf3 Qd7 36. Qh5+ Kg8 37. Bd5+ Kf8 38. Qh8+ Ke7 39.
Qxg7+ Kd6 40. Qd4 Ke7 41. h4 Qd6 42. h5 Nc4 43. Qg7+ Kd8 44. Qg8+ Kd7 45. Qf7+
Kd8 46. Bxc4 bxc4 47. Qxc4 a5 48. Qh4+ Ke8 49. Qa4+ Kf7 50. Qxa5 Qc6+ 51. f3
Qc2+ 52. Kh3 Qd3 53. Qg5 Qxf3 54. Qf4+ Qxf4 55. gxf4 Kf6 56. Kg4 1-0

[Event "WSTT O50"]
[Site "Hersonissos"]
[Date "2017.04.25"]
[Round "2.3"]
[White "Adams, Mark"]
[Black "Gunn, Michael J"]
[Result "1/2-1/2"]
[WhiteElo "1971"]
[BlackElo "1603"]
[PlyCount "43"]
[EventDate "2017.??.??"]
[EventType "team-"]
[EventCountry "GRE"]
[SourceDate "2017.04.24"]
[WhiteTeam "Wales"]
[BlackTeam "SCCU 125"]

1. e4 e6 2. d4 d5 3. Nc3 dxe4 4. Nxe4 Nd7 5. Nf3 Ngf6 6. Nxf6+ Nxf6 7. Bd3 Be7
8. Bf4 O-O 9. Qe2 c5 10. dxc5 Bxc5 11. O-O-O Qb6 12. Ne5 a5 13. Nc4 Qa7 14. Bd6
Bxd6 15. Nxd6 Bd7 16. Ne4 Nd5 17. Qh5 f5 18. Ng5 Nf6 19. Qe2 Rae8 20. h3 h6 21.
Nf3 Bc6 22. Rhg1 1/2-1/2

[Event "WSTT O50"]
[Site "Hersonissos"]
[Date "2017.04.26"]
[Round "3.1"]
[White "Erneste, Inguna"]
[Black "Zeidler, Sven P."]
[Result "1/2-1/2"]
[WhiteElo "2168"]
[BlackElo "2186"]
[PlyCount "110"]
[EventDate "2017.??.??"]
[EventType "team-"]
[EventCountry "GRE"]
[SourceDate "2017.04.24"]
[WhiteTeam "Latvia Women"]
[BlackTeam "Wales"]

1. e4 d5 2. exd5 Qxd5 3. Nc3 Qa5 4. d4 Nf6 5. Nf3 Ne4 6. Bd2 Nxd2 7. Qxd2 e6 8.
Bd3 Bb4 9. O-O Nc6 10. Qf4 Bd6 11. Qg4 Kf8 12. Nb5 h5 13. Qe4 Be7 14. c4 a6 15.
Nc3 g5 16. d5 Nb4 17. Bb1 exd5 18. cxd5 c6 19. Re1 Bf6 20. dxc6 Nxc6 21. Bc2
Be6 22. Rad1 g4 23. Qf4 Kg7 24. Nd2 Bg5 25. Qe4 Rad8 26. Nb3 Qb4 27. Rxd8 Bxd8
28. Qd3 Qc4 29. Qxc4 Bxc4 30. Nd2 Be6 31. Nde4 Nb4 32. Bb1 Be7 33. Rd1 Rd8 34.
Rxd8 Bxd8 35. Nd6 b5 36. a4 bxa4 37. Nxa4 Ba2 38. Bxa2 Nxa2 39. Nc5 Nb4 40. Nc4
Be7 41. Ne4 Nd3 42. Kf1 f5 43. Nc3 Bf6 44. Nd1 Kf7 45. f3 gxf3 46. gxf3 Ne5 47.
Nxe5+ Bxe5 48. h3 a5 49. b3 Bd4 50. f4 Ke6 51. Ke2 Kd5 52. Kd3 h4 53. Ne3+ Bxe3
54. Kxe3 Kc5 55. Kd3 Kd5 1/2-1/2